| 000 | 00389pab a2200133 454500 | ||
|---|---|---|---|
| 008 | 180718b1989 xxu||||| |||| 00| 0 eng d | ||
| 100 | _aGronsterin, Arturo S. | ||
| 245 |
_aThe evolution of labour relations in Uruguay _bAchievements and challenges |
||
| 260 | _c1989 | ||
| 300 | _a195-212 | ||
| 650 | _aLabour Relations - Uruguay | ||
| 773 | _aInternational Labour Review | ||
| 909 | _a11952 | ||
| 999 |
_c11952 _d11952 |
||